[Event "29th CRO-chT Junior 2020"]
[Site "Cakovec"]
[Date "2020.07.14"]
[Round "1.12"]
[White "Kristofic, Dino"]
[Black "Dankos, Mislav"]
[Result "0-1"]
[WhiteElo "1271"]
[BlackElo "1274"]
[Annotator "NA RC"]
[PlyCount "56"]
[EventDate "2020.07.14"]
[EventType "team-tourn"]
[EventCountry "CRO"]
[SourceTitle "playchess.com"]
[Source "ChessBase"]
[SourceQuality "1"]
[TimeControl "5400+30"]

1. e4 {[%emt 0:00:30]} c5 {[%emt 0:00:30]} 2. Nf3 {[%emt 0:00:00]} Nc6 {[%emt 0:00:00]} 3. d4 {[%emt 0:01:00]} cxd4 {[%emt 0:01:00]} 4. Nxd4 {[%emt 0:00:30]} g6 {[%emt 0:00:30]} 5. Bc4 {[%emt 0:02:30]} Bg7 {[%emt 0:00:30]} 6. Be3 {[%emt 0:01:30]} Nf6 {[%emt 0:03:30]} 7. Nc3 {[%emt 0:00:30]} d6 {[%emt 0:00:30]} 8. Nxc6 {[%emt 0:01:30]} bxc6 {[%emt 0:01:30]} 9. Qd2 {[%emt 0:00:30]} O-O {[%emt 0:03:30]} 10. Bh6 {[%emt 0:03:30]} a5 {[%emt 0:03:30]} 11. Bxg7 {[%emt 0:01:30]} Kxg7 {[%emt 0:00:30]} 12. O-O {[%emt 0:02:30]} Rb8 {[%emt 0:04:30]} 13. b3 {[%emt 0:01:30]} Bb7 {[%emt 0:01:30]} 14. Rad1 {[%emt 0:02:30]} c5 {[%emt 0:01:30]} 15. Rfe1 {[%emt 0:04:30]} Bc6 {[%emt 0:00:30]} 16. e5 {[%emt 0:02:30]} Ne8 {[%emt 0:07:30]} 17. Ne4 {[%emt 0:03:30]} Bxe4 {[%emt 0:01:30]} 18. Rxe4 {[%emt 0:01:30]} Rb7 {[%emt 0:08:30]} 19. Qc3 {[%emt 0:03:30]} Kg8 {[%emt 0:01:30]} 20. g3 {[%emt 0:06:30]} Qb6 {[%emt 0:01:30]} 21. a4 {[%emt 0:05:30]} e6 {[%emt 0:01:30]} 22. Bb5 {[%emt 0:02:30]} d5 {[%emt 0:00:30]} 23. Rf4 {[%emt 0:01:30]} Ng7 {[%emt 0:02:30]} 24. Qd3 {[%emt 0:02:30]} Nf5 {[%emt 0:00:30]} 25. c4 {[%emt 0:01:30]} Rd8 {[%emt 0:02:30]} 26. cxd5 {[%emt 0:04:30]} Rxd5 {[%emt 0:00:00]} 27. Qe2 {[%emt 0:00:30]} Nd4 {[%emt 0:01:00]} 28. Qd3 {[%emt 0:03:30]} Nxb5 {[%emt 0:00:30]} 0-1

[Event "29th CRO-chT Junior 2020"]
[Site "Cakovec"]
[Date "2020.07.14"]
[Round "1.13"]
[White "Damjanovic, Stjepan"]
[Black "Haidinger, Erik"]
[Result "1-0"]
[WhiteElo "1867"]
[BlackElo "1767"]
[Annotator "NA RC"]
[PlyCount "95"]
[EventDate "2020.07.14"]
[EventType "team-tourn"]
[EventCountry "CRO"]
[SourceTitle "playchess.com"]
[Source "ChessBase"]
[SourceQuality "1"]
[TimeControl "5400+30"]

1. e4 {[%emt 0:00:30]} c5 {[%emt 0:00:30]} 2. Nc3 {[%emt 0:00:00]} d6 {[%emt 0:00:00]} 3. f4 {[%emt 0:00:00]} g6 {[%emt 0:00:00]} 4. Nf3 {[%emt 0:00:00]} Bg7 {[%emt 0:00:30]} 5. Bb5+ {[%emt 0:00:00]} Bd7 {[%emt 0:00:30]} 6. Bc4 {[%emt 0:00:30]} e6 {[%emt 0:00:30]} 7. O-O {[%emt 0:01:30]} Ne7 {[%emt 0:00:00]} 8. d3 {[%emt 0:00:30]} O-O {[%emt 0:00:00]} 9. Be3 {[%emt 0:00:00]} Nbc6 {[%emt 0:00:30]} 10. Rb1 {[%emt 0:01:00]} Nd4 {[%emt 0:03:30]} 11. Ne2 {[%emt 0:01:30]} d5 {[%emt 0:04:30]} 12. Bb3 {[%emt 0:02:30]} dxe4 {[%emt 0:16:30]} 13. Nfxd4 {[%emt 0:05:30]} cxd4 {[%emt 0:06:30]} 14. Bxd4 {[%emt 0:02:30]} Bb5 {[%emt 0:07:30]} 15. Bxg7 {[%emt 0:03:30]} Kxg7 {[%emt 0:09:30]} 16. c4 {[%emt 0:02:30]} exd3 {[%emt 0:01:30]} 17. cxb5 {[%emt 0:01:30]} dxe2 {[%emt 0:01:30]} 18. Qxe2 {[%emt 0:00:00]} Qb6+ {[%emt 0:00:30]} 19. Kh1 {[%emt 0:00:00]} Nf5 {[%emt 0:01:30]} 20. Rfd1 {[%emt 0:01:30]} Rad8 {[%emt 0:02:30]} 21. Qe5+ {[%emt 0:01:30]} Kg8 {[%emt 0:00:30]} 22. Rbc1 {[%emt 0:13:30]} Rxd1+ {[%emt 0:04:30]} 23. Bxd1 {[%emt 0:03:30]} Qf2 {[%emt 0:01:30]} 24. Bf3 {[%emt 0:02:30]} b6 {[%emt 0:07:30]} 25. a4 {[%emt 0:06:30]} Nd4 {[%emt 0:02:30]} 26. Bc6 {[%emt 0:01:30]} Ne2 {[%emt 0:01:30]} 27. Rd1 {[%emt 0:00:30]} Nxf4 {[%emt 0:00:30]} 28. h3 {[%emt 0:01:30]} Nd3 {[%emt 0:04:30]} 29. Qc7 {[%emt 0:07:30]} Nxb2 {[%emt 0:04:44]} 30. Ra1 {[%emt 0:00:30]} Qd4 {[%emt 0:02:46]} 31. Qxa7 {[%emt 0:03:30]} Nc4 {[%emt 0:01:42]} 32. Re1 {[%emt 0:03:30]} e5 {[%emt 0:04:04]} 33. Qe7 {[%emt 0:01:30]} Qc3 {[%emt 0:02:34]} 34. Re4 {[%emt 0:02:30]} Nb2 {[%emt 0:04:32]} 35. Rxe5 {[%emt 0:05:30]} Nxa4 {[%emt 0:00:45]} 36. Re4 {[%emt 0:01:30]} Nc5 {[%emt 0:00:48]} 37. Rh4 {[%emt 0:01:30]} Ne6 {[%emt 0:00:18]} 38. Re4 {[%emt 0:04:30]} Ng7 {[%emt 0:00:44]} 39. Re3 {[%emt 0:02:53]} Qa5 {[%emt 0:01:08]} 40. Bd7 {[%emt 0:05:37]} f5 {[%emt 0:01:46]} 41. Bc6 {[%emt 0:00:17]} Qa1+ {[%emt 0:00:48]} 42. Re1 {[%emt 0:00:46]} Qf6 {[%emt 0:00:00]} 43. Qc7 {[%emt 0:01:02]} Qd8 {[%emt 0:00:34]} 44. Qb7 {[%emt 0:00:55]} Qb8 {[%emt 0:00:00]} 45. Qe7 {[%emt 0:03:30]} Rd8 {[%emt 0:01:10]} 46. Ra1 {[%emt 0:02:50]} Rd6 {[%emt 0:01:56]} 47. Kg1 {[%emt 0:01:22]} Rxc6 {[%emt 0:02:01]} 48. bxc6 {[%emt 0:00:12]} 1-0

[Event "29th CRO-chT Junior 2020"]
[Site "Cakovec"]
[Date "2020.07.14"]
[Round "1.14"]
[White "Sundac, Ivano"]
[Black "Juric, Ester"]
[Result "1-0"]
[WhiteElo "1408"]
[BlackElo "1663"]
[Annotator "NA RC"]
[PlyCount "61"]
[EventDate "2020.07.14"]
[EventType "team-tourn"]
[EventCountry "CRO"]
[SourceTitle "playchess.com"]
[Source "ChessBase"]
[SourceQuality "1"]
[TimeControl "5400+30"]

1. d4 {[%emt 0:00:30]} d5 {[%emt 0:00:30]} 2. Bf4 {[%emt 0:00:00]} Nf6 {[%emt 0:00:30]} 3. e3 {[%emt 0:00:00]} e6 {[%emt 0:01:30]} 4. Nf3 {[%emt 0:00:30]} Bd6 {[%emt 0:02:30]} 5. Ne5 {[%emt 0:00:00]} Nbd7 {[%emt 0:08:30]} 6. Nd2 {[%emt 0:00:00]} O-O {[%emt 0:12:30]} 7. Bd3 {[%emt 0:00:30]} Qe7 {[%emt 0:10:30]} 8. Qf3 {[%emt 0:01:30]} c5 {[%emt 0:16:30]} 9. c3 {[%emt 0:00:30]} h6 {[%emt 0:05:30]} 10. h4 {[%emt 0:01:30]} c4 {[%emt 0:10:30]} 11. Bc2 {[%emt 0:00:30]} h5 {[%emt 0:03:30]} 12. Qg3 {[%emt 0:01:30]} Bxe5 {[%emt 0:05:34]} 13. dxe5 {[%emt 0:00:30]} Ne8 {[%emt 0:00:44]} 14. Qf3 {[%emt 0:00:30]} g6 {[%emt 0:01:41]} 15. g4 {[%emt 0:00:30]} Ng7 {[%emt 0:00:37]} 16. gxh5 {[%emt 0:01:30]} Nxh5 {[%emt 0:00:30]} 17. Rg1 {[%emt 0:02:30]} Kh8 {[%emt 0:06:21]} 18. Bg5 {[%emt 0:02:30]} Qe8 {[%emt 0:01:32]} 19. Bf6+ {[%emt 0:00:30]} Ndxf6 {[%emt 0:01:52]} 20. exf6 {[%emt 0:00:30]} Qd8 {[%emt 0:01:30]} 21. Rg5 {[%emt 0:01:30]} Nxf6 {[%emt 0:02:24]} 22. h5 {[%emt 0:05:30]} Nh7 {[%emt 0:01:58]} 23. Rg2 {[%emt 0:00:30]} Qf6 {[%emt 0:03:19]} 24. hxg6 {[%emt 0:01:30]} fxg6 {[%emt 0:00:29]} 25. Qg3 {[%emt 0:01:30]} e5 {[%emt 0:00:45]} 26. O-O-O {[%emt 0:01:30]} Be6 {[%emt 0:00:34]} 27. Rh1 {[%emt 0:00:00]} Bg8 {[%emt 0:00:28]} 28. Bxg6 {[%emt 0:00:00]} Rac8 {[%emt 0:00:30]} 29. Bf5 {[%emt 0:02:30]} Rc7 {[%emt 0:00:28]} 30. Rhg1 {[%emt 0:00:30]} Qxf5 {[%emt 0:00:36]} 31. Qxg8+ {[%emt 1:13:49]} 1-0

[Event "29th CRO-chT Junior 2020"]
[Site "Cakovec"]
[Date "2020.07.14"]
[Round "1.15"]
[White "Mandaric, Fran"]
[Black "Tomljanovic, Ivano"]
[Result "1-0"]
[WhiteElo "1671"]
[BlackElo "1393"]
[Annotator "NA RC"]
[PlyCount "45"]
[EventDate "2020.07.14"]
[EventType "team-tourn"]
[EventCountry "CRO"]
[SourceTitle "playchess.com"]
[Source "ChessBase"]
[SourceQuality "1"]
[TimeControl "5400+30"]

1. e4 {[%emt 0:00:30]} e5 {[%emt 0:00:30]} 2. Nf3 {[%emt 0:00:00]} Nc6 {[%emt 0:00:00]} 3. Bc4 {[%emt 0:00:00]} Bc5 {[%emt 0:00:00]} 4. O-O {[%emt 0:00:00]} Nf6 {[%emt 0:00:30]} 5. d4 {[%emt 0:00:00]} Bxd4 {[%emt 0:01:30]} 6. Nxd4 {[%emt 0:00:30]} Nxd4 {[%emt 0:00:00]} 7. f4 {[%emt 0:00:00]} Nc6 {[%emt 0:03:00]} 8. Bxf7+ {[%emt 0:09:00]} Kxf7 {[%emt 0:03:30]} 9. fxe5 {[%emt 0:00:00]} Nxe5 {[%emt 0:00:30]} 10. Qh5+ {[%emt 0:04:00]} Ng6 {[%emt 0:03:30]} 11. e5 {[%emt 0:00:00]} h6 {[%emt 0:02:30]} 12. Nc3 {[%emt 0:05:00]} d5 {[%emt 0:03:30]} 13. exf6 {[%emt 0:00:30]} gxf6 {[%emt 0:01:30]} 14. Nxd5 {[%emt 0:00:30]} f5 {[%emt 0:00:30]} 15. Ne3 {[%emt 0:09:30]} Qh4 {[%emt 0:06:30]} 16. Qf3 {[%emt 0:15:30]} Ne7 {[%emt 0:03:30]} 17. Ng4 {[%emt 0:07:30]} Be6 {[%emt 0:07:30]} 18. g3 {[%emt 0:00:30]} Bd5 {[%emt 0:02:30]} 19. Ne5+ {[%emt 0:06:30]} Kf6 {[%emt 0:03:30]} 20. gxh4 {[%emt 0:01:30]} Bxf3 {[%emt 0:00:30]} 21. Nxf3 {[%emt 0:00:30]} Rad8 {[%emt 0:01:30]} 22. Bf4 {[%emt 0:00:30]} Nd5 {[%emt 0:00:30]} 23. Be5+ {[%emt 0:00:30]} 1-0

[Event "29th CRO-chT Junior 2020"]
[Site "Cakovec"]
[Date "2020.07.14"]
[Round "1.17"]
[White "Muha, Miljenko"]
[Black "Sos, Fran"]
[Result "1-0"]
[WhiteElo "2310"]
[BlackElo "2024"]
[Annotator "TA"]
[PlyCount "119"]
[EventDate "2020.07.14"]
[EventType "team-tourn"]
[EventCountry "CRO"]
[SourceTitle "playchess.com"]
[Source "ChessBase"]
[SourceQuality "1"]

{[%evp 12,119,53,48,59,39,52,43,62,18,56,39,64,37,47,29,70,91,80,63,85,59,72,61,59,60,61,10,53,33,54,34,22,2,0,2,130,135,119,140,116,126,147,151,139,134,300,45,47,-131,-116,-123,-122,-130,-118,-118,-127,-108,-11,-10,0,0,0,0,0,0,12,0,116,-17,-20,-10,-15,-16,-21,-22,0,-84,-8,-8,3,3,321,322,322,322,304,315,298,285,322,322,322,321,313,312,333,304,439,441,693,693,29970,29939,29975,29976,29976,29978,29965,29969]} 1. d4 Nf6 2. c4 c5 3. d5 b5 4. Nf3 bxc4 5. Nc3 d6 6. e4 g6 7. Bxc4 Bg7 {A57: Benko/Volga Gambit.} 8. h3 Nbd7 9. O-O O-O {White is slightly better.} 10. Bf4 Nb6 11. Bb5 Bb7 12. Re1 {[#]} Ne8 $146 ({Predecessor:} 12... a6 13. Bf1 Ne8 14. Qb3 Rb8 15. Rad1 Nd7 16. Qc2 Bc8 17. b3 Rb4 18. Qc1 Qa5 {1-0 (41) Zakharevich,I (2430)-Meshkov,Y (2250) Yaroslavl 1995}) 13. Bf1 e5 14. dxe6 fxe6 15. Bg5 Qd7 16. Bb5 (16. Qd2 {seems wilder.} Bc6 17. Rad1 Rb8 18. Bh4 Ba4 19. Rc1) 16... Bc6 17. Bxc6 Qxc6 18. Rc1 Rc8 19. Qe2 (19. b3 $14) 19... Rf7 20. h4 Nc7 21. h5 gxh5 22. Bh4 Rcf8 23. Ng5 Rf4 (23... Rf6 $11) 24. Qxh5 $16 {[%csl Gg5][%cal Rh5h7] [#]} h6 25. Nh3 R4f7 26. Re3 Qe8 27. Rg3 {Black must now prevent Qxh6.} Kh8 28. Ne2 d5 $2 (28... Nd7 $16 {might work better.}) 29. Qg6 $2 (29. Rxc5 $18 {Strongly threatening Qg6.} Rxf2 30. Rg6 (30. Qxe8 Rf1+ 31. Kh2 Nxe8 $11) 30... Rf1+ 31. Kh2) 29... Nd7 $1 $14 30. Nef4 $2 (30. f4 $14 {stays ahead.}) 30... Ne5 $17 31. Qh5 {aiming for Rxg7!} Rxf4 32. Nxf4 Rxf4 33. Qxe8+ Nxe8 34. Rxc5 Nd6 ({Don't play} 34... dxe4 $6 35. Rc8 $11) (34... Nc4 $17 {Hoping for ...Bd4.} 35. Rh3 Rxe4) 35. Rc7 $11 Bf8 36. Be7 Nxe4 37. Bxf8 Rxf8 38. Rh3 Rf6 ({Much worse is} 38... Rxf2 $6 39. Rxh6+ Kg8 40. Rxe6 $16) 39. Rb3 {White wants to mate with Rb8+.} Nf7 (39... Rf8 $11) 40. Rbb7 ({White should try} 40. Rxa7 $16 {a4 is the strong threat.} Kg7 41. a4) 40... Kg7 41. f3 Ned6 42. Rb4 a5 43. Ra4 Kg6 44. Rd7 (44. b3 $11 {remains equal.}) 44... Rf5 (44... Nc4 $17 {Threatens to win with ...Nfe5.} 45. b3 Nb6 46. Rg4+ Ng5) 45. Rxa5 Rf4 46. Ra6 Nc4 $2 {[%mdl 8192]} (46... Kf5 $11) 47. Rxe6+ $18 Rf6 48. Rxf6+ Kxf6 49. Rxd5 Nxb2 50. f4 Ke6 51. Rd4 Nd6 52. g4 Nbc4 53. Kf2 Nb6 54. a4 Nd5 (54... Nbc4 $142 55. Ke2 Kd7) 55. Kf3 Nb7 (55... Nc7 $142 56. Rd2 Kd7) 56. f5+ Kd6 57. f6 {White mates.} Nc5 58. f7 Ne6 {[#]} 59. f8=Q+ $1 {[%mdl 512]} Nxf8 60. Ke4 {Accuracy: White = 72%, Black = 50%.} 1-0

[Event "29th CRO-chT Junior 2020"]
[Site "Cakovec"]
[Date "2020.07.14"]
[Round "1.18"]
[White "Borzan, Andrej"]
[Black "Cvitan, Ena"]
[Result "1/2-1/2"]
[WhiteElo "1983"]
[BlackElo "2258"]
[Annotator "TA"]
[PlyCount "61"]
[EventDate "2020.07.14"]
[EventType "team-tourn"]
[EventCountry "CRO"]
[SourceTitle "playchess.com"]
[Source "ChessBase"]
[SourceQuality "1"]

{[%evp 13,61,7,14,4,25,0,46,0,-10,-75,-54,-136,-102,-139,-88,-258,-264,-254,-187,-184,-113,-97,-75,-90,-89,-96,-95,-90,-14,-30,-27,-17,-26,-51,-12,-14,0,0,0,0,0,0,0,0,0,0,0,0,0,0]} 1. d4 Nf6 2. c4 e6 3. Nf3 d5 4. Nc3 dxc4 5. e3 a6 6. Bxc4 b5 7. Bb3 Bb7 8. O-O {D26: Queen's Gambit Accepted: 4 e3 e6 5 Bxc5 c5 sidelines.} Nbd7 9. d5 e5 {[#]} 10. Re1 $146 (10. e4 $14) ({Predecessor:} 10. e4 Bd6 11. Bg5 O-O 12. Bc2 Re8 13. Ne2 Nf8 14. Ng3 h6 15. Be3 N8d7 16. Nf5 {0-1 (48) Morais,M (1744)-Romano,J (2052) Lisbon 2019}) 10... b4 $11 11. Na4 (11. Ne2 $11 {remains equal.}) 11... e4 $1 $17 {[%cal Re4f3]} 12. Ng5 (12. Nd2 $15) 12... Bd6 13. f3 Qe7 (13... O-O $142 14. Qd4 Qe7 15. Nxe4 Nxe4 16. Qxe4 Qxe4 17. fxe4 Rae8) 14. Nxe4 $2 (14. Qd4 $17) 14... Nxe4 $19 15. fxe4 Qe5 ({Not} 15... Qxe4 16. Qd4 $15) 16. g3 Qxe4 (16... h5 $1 $19 {Hoping for ...h4.} 17. Qd4 h4 18. Qxe5+ Nxe5) 17. Qd4 $17 Nf6 18. Bd2 {[#]} O-O $1 ({Much worse is} 18... Bxd5 $6 19. Bxd5 Qxd5 20. Bxb4 $11) 19. Nc5 Bxc5 $1 20. Qxc5 {[#]} Nxd5 (20... a5 $1 $17 {Black wants to play ...Rfd8.} 21. Bc2 Qxd5 22. Qxd5 Bxd5) 21. Bc2 Qg4 22. e4 Nf6 {[%cal Rb7e4]} 23. Bxb4 Nxe4 24. Qxc7 {The position is equal.} Nxg3 {( -> ...Ne2+!)} 25. Qxb7 Ne4+ $1 26. Kf1 Qf3+ 27. Kg1 Qf2+ 28. Kh1 Qf3+ 29. Kg1 Qg4+ 30. Kf1 Qf4+ 31. Kg1 {Whites escaped into a draw. Accuracy: White = 44%, Black = 62%.} 1/2-1/2

[Event "29th CRO-chT Junior 2020"]
[Site "Cakovec"]
[Date "2020.07.14"]
[Round "1.19"]
[White "Ghersinich, Enrico"]
[Black "Colev, Ivor"]
[Result "1-0"]
[WhiteElo "2299"]
[BlackElo "1901"]
[Annotator "TA"]
[PlyCount "57"]
[EventDate "2020.07.14"]
[EventType "team-tourn"]
[EventCountry "CRO"]
[SourceTitle "playchess.com"]
[Source "ChessBase"]
[SourceQuality "1"]

{[%evp 11,57,-16,-14,-46,38,15,34,-22,-14,-35,-31,-85,-89,-81,-44,-41,-15,-27,-16,-1,62,10,14,15,18,8,62,13,50,39,64,26,21,12,35,35,239,242,292,278,461,454,438,429,592,596,567,562]} 1. d4 f5 2. e4 fxe4 3. Nc3 Nf6 4. Bg5 Nc6 5. Bxf6 exf6 6. d5 Ne5 7. Nxe4 {A83: Dutch Defence: Staunton Gambit with 3 Nc3 Nf6 4 Bg5.} Nf7 (7... f5 $15 8. Nd2 Bc5) 8. Qe2 $14 {[%cal Re4f6] [#]} Qe7 9. O-O-O (9. d6 $1 $14 cxd6 10. O-O-O) 9... f5 $1 $11 10. Ng3 (10. Nc3 {seems wilder.} Qxe2 11. Ngxe2 b6 12. g3 g6 13. Nb5) 10... Qxe2 11. Bxe2 ({White should play} 11. N3xe2 $15 Bc5 12. Nd4) 11... g6 $17 {[#]} 12. Nf3 $146 ({Predecessor:} 12. Bc4 Bg7 13. Nf3 Nd6 14. Rhe1+ Kd8 15. Bb3 b5 16. Ne5 Rb8 17. f4 Bf8 18. Ne2 Rb6 19. Nd4 Bb7 20. Re2 Kc8 21. Rde1 {½-½ (21) Van Vliet,H (2023)-Merbis,M (2228) Haarlem 2007}) 12... Bg7 13. h4 d6 14. h5 Bh6+ 15. Kb1 f4 (15... Bd7 $11) 16. hxg6 ({Better is} 16. Ne4 $14) 16... hxg6 $11 17. Ne4 Bf5 18. Bb5+ Kd8 (18... Ke7 $11) 19. Neg5 Ke7 20. Rde1+ Kf6 21. Nxf7 (21. Ne6 $5 {[%cal Re6c7]}) 21... Kxf7 22. Nd4 Bg4 23. Rh4 $36 {[%mdl 2048] White has some pressure.} Bh5 $2 {[#] Black cannot hold the game after this.} (23... Bf5 $14) 24. Ne6 $1 $18 a6 25. Bd3 {And now g4 would win.} Rae8 $2 (25... c6 {keeps fighting.} 26. c4 cxd5) 26. g4 {White is clearly winning.} fxg3 27. fxg3 Bg7 28. Rf1+ Kg8 29. g4 {Accuracy: White = 74%, Black = 36%.} 1-0

[Event "29th CRO-chT Junior 2020"]
[Site "Cakovec"]
[Date "2020.07.14"]
[Round "1.20"]
[White "Poljan, Max"]
[Black "Dabic, Stjepan"]
[Result "0-1"]
[WhiteElo "1649"]
[BlackElo "2120"]
[Annotator "TA"]
[PlyCount "82"]
[EventDate "2020.07.14"]
[EventType "team-tourn"]
[EventCountry "CRO"]
[SourceTitle "playchess.com"]
[Source "ChessBase"]
[SourceQuality "1"]

{[%evp 10,82,11,-20,-4,-24,0,4,4,-91,-31,-47,-30,-57,-57,-54,-51,-193,-197,-227,-220,-277,-243,-257,-250,-254,-248,-266,-206,-205,-193,-191,-189,-217,-122,-130,-137,-134,-122,-160,-110,-159,-117,-180,-146,-186,-167,-156,-131,-170,-169,-168,-165,-168,-129,-233,-231,-305,-314,-451,-393,-377,-382,-995,-1026,-995,-960,-1669,-1660,-1594,-1443,-1722,-1785,-5310,-1911]} 1. d4 Nf6 2. Nf3 g6 3. Bf4 Bg7 4. Nc3 d5 5. Qd2 O-O 6. Bh6 Qd6 {[#] D00: 1 d4 d5: Unusual lines.} 7. O-O-O $146 ({Predecessor:} 7. Bxg7 Kxg7 8. e3 c6 9. Ne5 Nbd7 10. f4 b5 11. Bd3 Nb6 12. O-O a5 13. a3 Nc4 14. Nxc4 bxc4 {½-½ (65) Hebden,M (2506)-Tikkanen,H (2591) Gatwick 2011}) 7... Nbd7 8. Bxg7 Kxg7 {The position is equal.} 9. Nb5 (9. h4 $11) 9... Qb6 (9... Qa6 $17 10. Na3 Ne4) 10. Nc3 $15 c5 11. h4 cxd4 12. Qxd4 Qxd4 13. Nxd4 ({White has to play} 13. Rxd4 $15 e5 14. Rb4) 13... e5 $19 {Threatens to win with ...Ng4.} 14. Ndb5 d4 15. Nb1 Ne4 16. Rg1 Nxf2 17. Re1 Ng4 18. c3 dxc3 19. N1xc3 Ndf6 20. g3 Bd7 21. Bg2 Bc6 (21... Ne3 $19 22. Bh1 Rad8) 22. Bxc6 $17 bxc6 23. Na3 Ne3 24. Nc2 Nfg4 25. Nd1 Nf5 26. e3 (26. e4 $17 {keeps fighting.} Nd4 27. Rgf1) 26... Rab8 27. Rg2 Rfd8 28. e4 Nd4 29. Nde3 h5 30. Nxg4 hxg4 31. Ne3 f5 32. Nc4 (32. Rf1 $17 {was worth a try.}) 32... Nf3 $19 33. Re3 {exf5 would now be nice for White.} Rd4 34. Na5 (34. b3 $142 f4 35. Rc3) 34... Rb5 35. Nxc6 Rc5+ 36. Rc2 $2 (36. Rc3 Rxc3+ 37. bxc3 Rxe4 38. a3) 36... Rxc2+ {Black is clearly winning.} 37. Kxc2 Rc4+ {[%mdl 64] Double Attack} 38. Rc3 {[#]} Rxc6 $1 {[%mdl 576] Remove Defender, Decoy} 39. Rxc6 Nd4+ {[%mdl 64] Double Attack} 40. Kc3 Nxc6 41. b4 f4 {Accuracy: White = 32%, Black = 73%.} 0-1

[Event "29th CRO-chT Junior 2020"]
[Site "Cakovec"]
[Date "2020.07.14"]
[Round "2.1"]
[White "Tomulic, Teo"]
[Black "Jambresic, Filip"]
[Result "1-0"]
[WhiteElo "2359"]
[BlackElo "2077"]
[Annotator "TA"]
[PlyCount "69"]
[EventDate "2020.07.14"]
[EventType "team-tourn"]
[EventCountry "CRO"]
[SourceTitle "playchess.com"]
[Source "ChessBase"]
[SourceQuality "1"]

{[%evp 14,69,47,47,60,36,54,53,83,39,40,18,34,-5,0,0,0,0,0,0,0,0,87,60,116,16,22,28,126,118,122,126,126,123,118,118,120,118,125,125,136,119,118,106,133,137,151,129,276,216,483,478,29984,29985,29985,29986,29978,681]} 1. e4 c5 2. Nf3 e6 3. d4 cxd4 4. Nxd4 a6 5. c4 Qc7 6. Be2 Nf6 7. Nc3 Bb4 8. Nc2 Be7 {B41: Sicilian: Kan Variation: 5 c4.} 9. g4 h6 10. Be3 d6 {[#] White is slightly better.} 11. f4 $146 ({Predecessor:} 11. h4 Nc6 12. Rg1 Nd7 13. g5 hxg5 14. hxg5 g6 15. Qd2 b6 16. O-O-O Bb7 17. Rh1 {½-½ (51) Santos Ruiz,M (2517)-Aroshidze,L (2504) Linares 2018}) 11... b6 12. Bf3 {And now e5 would win.} Bb7 13. Qe2 Nbd7 14. h4 Rc8 15. g5 $36 {[%mdl 2048] White has some pressure.} hxg5 16. hxg5 Rxh1+ 17. Bxh1 Ng8 (17... Nh7 $11) 18. Na3 Kf8 (18... d5 $14) 19. Kf2 (19. O-O-O $16) 19... d5 $11 20. exd5 Bxa3 (20... Bc5 $11 {keeps the balance.} 21. Bxc5+ Nxc5) 21. bxa3 $16 Qxc4 22. Qxc4 Rxc4 23. dxe6 {[%mdl 64] Discovered Attack} fxe6 {White must now prevent ...Bxh1.} 24. Bxb7 Rxc3 {[#]} 25. Rd1 $1 {[%cal Rd1d7]} ({Don't take} 25. Bxa6 Ne7 $14) 25... Rc7 26. Bxa6 {aiming for Bb5.} Ne7 27. Bb5 Nd5 28. a4 Nc5 29. Bd4 Rf7 30. Be5 Ra7 {Now Black is done in.} (30... Ke7 $16) 31. Rd4 Kf7 $2 {[#]} (31... g6 32. Kf3 Kf7) 32. f5 $1 $18 {[%mdl 512]} Nc3 (32... Ra8 $18 33. Bc4 Ne7 34. g6+ Nxg6) (32... exf5 33. Rxd5) 33. g6+ {White mates.} Ke7 {[#]} 34. f6+ $1 {[%mdl 512]} gxf6 35. Bd6+ {Accuracy: White = 69%, Black = 54%.} 1-0